[Event "BL 2425 SC Heimbach-Weis-Neuwied - USV T"]
[Site "?"]
[Date "2025.02.22"]
[Round "9.7"]
[White "Wong, Gengchun"]
[Black "Kosakowski, Jakub"]
[Result "0-1"]
[WhiteElo "2261"]
[BlackElo "2511"]
[PlyCount "104"]
[EventDate "2025.??.??"]

1. e4 c6 2. d4 d5 3. Nd2 dxe4 4. Nxe4 Nf6 5. Nxf6+ exf6 6. c3 Bd6 7. Bd3 O-O 8. Ne2 Re8 9. Qc2 h5 10. O-O h4 11. h3 Nd7 12. Bd2 Nf8 13. Rae1 Bc7 14. f4 g6 15. f5 g5 16. Qd1 Qd6 17. Nf4 Bd7 18. Qg4 Ng6 19. Nh5 c5 20. dxc5 Qh2+ 21. Kf2 Kf8 22. Rxe8+ Rxe8 23. fxg6 Bxg4 24. g7+ Kg8 25. Nxf6+ Kxg7 26. Nxe8+ Kf8 27. Nxc7 Bxh3 28. Be4 Bxg2 29. Bxg2 h3 30. Ne6+ Ke7 31. Nxg5 Qxg2+ 32. Ke1 h2 33. Rxf7+ Ke8 34. Rh7 h1=Q+ 35. Rxh1 Qxh1+ 36. Ke2 Qb1 37. b4 Qxa2 38. Nf3 a5 39. bxa5 Qc4+ 40. Ke1 Qxc5 41. Nd4 Qxa5 42. Kd1 Qa2 43. Ke2 Qc4+ 44. Kd1 Qd3 45. Kc1 Kd7 46. Nb3 Kd6 47. Kb2 Qe2 48. Kb1 Kd5 49. Kc2 b6 50. Nc1 Qe4+ 51. Kb2 Kc4 52. Nb3 Qd3 0-1

[Event "BL 2425 SC Heimbach-Weis-Neuwied - USV T"]
[Site "?"]
[Date "2025.02.22"]
[Round "9.8"]
[White "Winterberg, Lukas"]
[Black "Fruth, David"]
[Result "1-0"]
[WhiteElo "2416"]
[BlackElo "2161"]
[PlyCount "67"]
[EventDate "2025.??.??"]

1. d4 Nf6 2. Bf4 e6 3. Nc3 d5 4. Nb5 Na6 5. e3 c5 6. c3 Be7 7. h3 O-O 8. Nf3 Bd7 9. a4 c4 10. b3 Qa5 11. Nd2 cxb3 12. Nxb3 Qb6 13. Bd3 Bxb5 14. axb5 Nc7 15. Bxc7 Qxc7 16. Rc1 a5 17. bxa6 bxa6 18. O-O a5 19. c4 dxc4 20. Rxc4 Qd7 21. Qc2 a4 22. Nc5 Bxc5 23. dxc5 Rfd8 24. Be2 a3 25. c6 Qa7 26. Ra1 Nd5 27. Bf3 Qb6 28. c7 Rdc8 29. Ra2 Ra7 30. Bxd5 exd5 31. Rc6 Qa5 32. Rc5 Qb6 33. Qf5 Raxc7 34. Qxc8+ 1-0

[Event "BL 2425 SC Viernheim - SF Bad Mergenthei"]
[Site "?"]
[Date "2025.02.22"]
[Round "9.1"]
[White "Kazakouski, Valery"]
[Black "Mamedyarov, Shakhriyar"]
[Result "1/2-1/2"]
[WhiteElo "2538"]
[BlackElo "2731"]
[PlyCount "44"]
[EventDate "2025.??.??"]

1. e4 e5 2. Nf3 Nc6 3. Nc3 Nf6 4. Nd5 d6 5. d4 Be7 6. Bb5 Bd7 7. Nxf6+ Bxf6 8. d5 Nd4 9. Bxd7+ Qxd7 10. Be3 Nxf3+ 11. Qxf3 c6 12. O-O-O c5 13. g4 b5 14. h4 Bd8 15. Rdg1 c4 16. h5 c3 17. b3 b4 18. Qf5 Bb6 19. Rh3 h6 20. Qxd7+ Kxd7 21. Kd1 f6 22. Ke2 Bxe3 1/2-1/2

[Event "BL 2425 SC Viernheim - SF Bad Mergenthei"]
[Site "?"]
[Date "2025.02.22"]
[Round "9.2"]
[White "Sarana, Alexey"]
[Black "Pultinevicius, Paulius"]
[Result "1-0"]
[WhiteElo "2672"]
[BlackElo "2566"]
[PlyCount "109"]
[EventDate "2025.??.??"]

1. d4 Nf6 2. c4 e6 3. Nc3 d5 4. Nf3 c5 5. cxd5 Nxd5 6. e4 Nxc3 7. bxc3 cxd4 8. cxd4 Bb4+ 9. Bd2 Bxd2+ 10. Qxd2 O-O 11. Bd3 Nc6 12. Qc3 Bd7 13. O-O Qa5 14. Qb2 Qb4 15. Rfb1 Qxb2 16. Rxb2 Rfd8 17. Rxb7 Bc8 18. Rc7 Nxd4 19. Nxd4 Rxd4 20. Bb5 a6 21. Bc6 Rb8 22. h4 e5 23. Bd5 Be6 24. Rac1 h5 25. Bxe6 fxe6 26. f3 Rb2 27. Rc8+ Kh7 28. R1c2 Rdb4 29. Rxb2 Rxb2 30. a4 Rb4 31. Rc5 Rxa4 32. Rxe5 g6 33. Rxe6 Kg7 34. Kh2 a5 35. Ra6 Ra2 36. Kh3 a4 37. Ra7+ Kf6 38. Ra6+ Kf7 39. Ra7+ Kf6 40. Ra6+ Kf7 41. Rc6 a3 42. Rc3 Ke6 43. Kg3 Ke5 44. Rc6 Re2 45. Rxg6 a2 46. Ra6 Kd4 47. Kf4 Rxg2 48. Kf5 Kc3 49. e5 Kb2 50. e6 Re2 51. f4 Kb3 52. Kf6 Re4 53. Rxa2 Kxa2 54. f5 Rxh4 55. Ke5 1-0

[Event "BL 2425 SC Viernheim - SF Bad Mergenthei"]
[Site "?"]
[Date "2025.02.22"]
[Round "9.3"]
[White "Laurusas, Tomas"]
[Black "Anton Guijarro, David"]
[Result "1/2-1/2"]
[WhiteElo "2578"]
[BlackElo "2668"]
[PlyCount "56"]
[EventDate "2025.??.??"]

1. d4 Nf6 2. c4 e6 3. Nf3 d5 4. Nc3 Be7 5. Bg5 h6 6. Bh4 dxc4 7. e3 c5 8. Bxc4 cxd4 9. Nxd4 Bd7 10. O-O Nc6 11. Rc1 Nxd4 12. Qxd4 O-O 13. Rfd1 Bc6 14. Qxd8 Rfxd8 15. f3 Kf8 16. e4 Rxd1+ 17. Rxd1 a6 18. Bf2 b5 19. Be2 g5 20. a3 Nd7 21. Be3 Ne5 22. Rc1 Bd6 23. Nb1 Be8 24. Nd2 a5 25. g3 Ng6 26. Kf2 a4 27. Bc5 Ke7 28. Ke3 f6 1/2-1/2

[Event "BL 2425 SC Viernheim - SF Bad Mergenthei"]
[Site "?"]
[Date "2025.02.22"]
[Round "9.4"]
[White "Korobov, Anton"]
[Black "Razafindratsima, Timothe"]
[Result "1-0"]
[WhiteElo "2627"]
[BlackElo "2472"]
[PlyCount "113"]
[EventDate "2025.??.??"]

1. e4 c5 2. Nf3 Nc6 3. Nc3 e6 4. d4 cxd4 5. Nxd4 Nf6 6. a3 d6 7. Be2 Be7 8. O-O e5 9. Nf3 O-O 10. Re1 Be6 11. Bf1 Nb8 12. h3 Qc8 13. Ng5 Bc4 14. Bxc4 Qxc4 15. Nf3 Nbd7 16. Nd2 Qe6 17. Nf1 Rac8 18. Bg5 a6 19. Ne3 Bd8 20. Bxf6 Nxf6 21. Ned5 g6 22. Nxf6+ Bxf6 23. Nd5 Bd8 24. a4 f5 25. Ra3 f4 26. Rd3 h5 27. c3 Kg7 28. b4 Rf7 29. Qe2 Bh4 30. Rf1 Rh8 31. c4 Bd8 32. c5 dxc5 33. bxc5 Bh4 34. Rb3 Rc8 35. Qb2 Rxc5 36. Rxb7 Rxb7 37. Qxb7+ Kh6 38. Qb2 Rc4 39. Qb8 Rc8 40. Qb3 Rf8 41. Kh2 g5 42. Kg1 g4 43. hxg4 f3 44. Qa3 Rf7 45. Ne3 hxg4 46. Nf5+ Rxf5 47. exf5 Qxf5 48. Qd6+ Kh5 49. g3 Bg5 50. Qxa6 e4 51. Qb5 Qg6 52. Re1 Kh6 53. Qb1 Qh5 54. Rxe4 Bf6 55. Qc1+ Kh7 56. Qf4 Qd5 57. Qxg4 1-0

[Event "BL 2425 SC Viernheim - SF Bad Mergenthei"]
[Site "?"]
[Date "2025.02.22"]
[Round "9.5"]
[White "Ikonnikov, Vyacheslav"]
[Black "Wagner, Dennis"]
[Result "0-1"]
[WhiteElo "2434"]
[BlackElo "2614"]
[PlyCount "94"]
[EventDate "2025.??.??"]

1. d4 Nf6 2. Nf3 e6 3. c4 Bb4+ 4. Bd2 Be7 5. Nc3 O-O 6. e3 d5 7. a3 b6 8. cxd5 exd5 9. Bd3 c5 10. Ne5 Bb7 11. O-O Nc6 12. Nxc6 Bxc6 13. Rc1 c4 14. Bb1 b5 15. f3 a5 16. g4 b4 17. axb4 axb4 18. Ne2 g6 19. Rf2 Bd6 20. h4 h5 21. g5 Ne8 22. e4 Ng7 23. e5 Be7 24. Ng3 Qb6 25. Be3 Bd7 26. Kh2 Ra1 27. Qh1 Qe6 28. Qg2 Rfa8 29. Rff1 Rc8 30. Bd2 Qb6 31. Be3 c3 32. f4 Rxb1 33. Rxb1 Nf5 34. Qxd5 Nxe3 35. Qxd7 Nxf1+ 36. Rxf1 Qe6 37. Qxe6 fxe6 38. bxc3 bxc3 39. Ne4 Ba3 40. Nd6 Rc6 41. Nb5 Bb2 42. d5 exd5 43. Nd4 Rc4 44. Nc2 Re4 45. Kg3 Re2 46. Rf2 Rxc2 47. Rxc2 d4 0-1

[Event "BL 2425 SC Viernheim - SF Bad Mergenthei"]
[Site "?"]
[Date "2025.02.22"]
[Round "9.6"]
[White "Erdogmus, Yagiz Kaan"]
[Black "Neuman, Petr"]
[Result "1/2-1/2"]
[WhiteElo "2599"]
[BlackElo "2436"]
[PlyCount "68"]
[EventDate "2025.??.??"]

1. e4 c5 2. Nf3 Nc6 3. Bb5 g6 4. O-O Bg7 5. Bxc6 dxc6 6. d3 Nf6 7. h3 Nd7 8. Nc3 e5 9. Be3 b6 10. Qd2 h6 11. Nh2 Nf8 12. f4 exf4 13. Bxf4 Ne6 14. Bg3 Qg5 15. Qe1 Nd4 16. Qf2 O-O 17. Bd6 Bxh3 18. Bf4 Qxg2+ 19. Qxg2 Bxg2 20. Kxg2 g5 21. Bd2 Nxc2 22. Rad1 Rad8 23. Bc1 Nb4 24. Ng4 Nxd3 25. Nf6+ Bxf6 26. Rxf6 Kg7 27. Rxc6 Nxc1 28. Rxc1 Rd2+ 29. Kf3 f5 30. Rh1 fxe4+ 31. Ke3 Rxb2 32. Rhxh6 Rf3+ 33. Kxe4 Rxc3 34. Rhg6+ Kf7 1/2-1/2

[Event "BL 2425 SC Viernheim - SF Bad Mergenthei"]
[Site "?"]
[Date "2025.02.22"]
[Round "9.7"]
[White "Nemec, Jachym"]
[Black "Meier, Georg"]
[Result "0-1"]
[WhiteElo "2433"]
[BlackElo "2595"]
[PlyCount "62"]
[EventDate "2025.??.??"]

1. d4 e6 2. Nf3 d5 3. Bf4 Bd6 4. Bg3 c5 5. e3 Nf6 6. Nbd2 O-O 7. c3 Qc7 8. Bd3 Nbd7 9. e4 cxd4 10. cxd4 dxe4 11. Nxe4 Nxe4 12. Bxe4 Nf6 13. Bd3 Bd7 14. O-O Bxg3 15. hxg3 Bc6 16. Ne5 Rfd8 17. Qd2 Qb6 18. Rfd1 Be4 19. Bxe4 Nxe4 20. Qf4 Nf6 21. g4 h6 22. Rd3 Qxb2 23. Re1 Qb4 24. Red1 Qe7 25. g5 Nd5 26. Qh2 Qxg5 27. Rg3 Qf4 28. Qh5 Rf8 29. Rdd3 Nf6 30. Qe2 Rac8 31. Kh2 Ne4 0-1

[Event "BL 2425 SC Viernheim - SF Bad Mergenthei"]
[Site "?"]
[Date "2025.02.22"]
[Round "9.8"]
[White "Wagner, Dinara"]
[Black "Kusa, Jakub"]
[Result "0-1"]
[WhiteElo "2435"]
[BlackElo "2412"]
[PlyCount "96"]
[EventDate "2025.??.??"]

1. d4 d5 2. c4 e6 3. Nf3 a6 4. cxd5 exd5 5. Nc3 h6 6. Bf4 Nf6 7. e3 Bd6 8. Be5 c6 9. Bd3 O-O 10. O-O Re8 11. h3 Bxe5 12. Nxe5 c5 13. Rc1 Qd6 14. Bb1 b5 15. f4 Nbd7 16. Ne2 Bb7 17. Nxd7 Nxd7 18. Qc2 Rxe3 19. dxc5 Qf6 20. Qd2 Rae8 21. Nd4 Nb8 22. Rf2 g6 23. Rf3 Rxf3 24. Nxf3 Nc6 25. Re1 Rxe1+ 26. Nxe1 Nd4 27. Nd3 Ne6 28. Qe3 d4 29. Qe5 Qxe5 30. fxe5 Be4 31. b4 Nd8 32. Kf2 Nc6 33. a3 Kf8 34. g3 Ke7 35. Ke2 Bd5 36. Kd2 g5 37. Bc2 Ke6 38. h4 Nxe5 39. Nxe5 Kxe5 40. hxg5 hxg5 41. g4 Be6 42. Bd1 f5 43. gxf5 Bxf5 44. Bf3 g4 45. Bg2 g3 46. c6 Kd6 47. Ke2 d3+ 48. Kf3 Be4+ 0-1

[Event "BL 2425 SK Kirchweyhe - FC St. Pauli"]
[Site "?"]
[Date "2025.02.23"]
[Round "10.1"]
[White "Bjerre, Jonas Buhl"]
[Black "Saric, Ivan"]
[Result "1-0"]
[WhiteElo "2640"]
[BlackElo "2661"]
[PlyCount "71"]
[EventDate "2025.??.??"]

1. e4 c5 2. Nf3 Nc6 3. Bb5 g6 4. O-O Bg7 5. Re1 e5 6. Bxc6 dxc6 7. a4 Qe7 8. Na3 Nh6 9. d3 O-O 10. Nc4 f6 11. a5 Be6 12. b3 Qc7 13. Be3 b5 14. axb6 axb6 15. Qc1 Nf7 16. Qb2 f5 17. Rxa8 Rxa8 18. Ra1 Rxa1+ 19. Qxa1 Qd8 20. h3 Bxc4 21. bxc4 Bf6 22. Qa4 fxe4 23. dxe4 Qd7 24. Qa8+ Kg7 25. Qb8 Qd1+ 26. Kh2 Qxc2 27. Qxb6 Qxe4 28. Qxc5 Nd8 29. Qd6 Qxc4 30. Ng5 Qg8 31. Qd7+ Kh8 32. Ne4 Bg7 33. Nd6 Bf6 34. Ne8 Qf8 35. Nxf6 Qxf6 36. Bh6 1-0

[Event "BL 2425 SK Kirchweyhe - FC St. Pauli"]
[Site "?"]
[Date "2025.02.23"]
[Round "10.2"]
[White "Brkic, Ante"]
[Black "Socko, Bartosz"]
[Result "1/2-1/2"]
[WhiteElo "2606"]
[BlackElo "2565"]
[PlyCount "133"]
[EventDate "2025.??.??"]

1. e4 e5 2. Nf3 Nc6 3. Bb5 a6 4. Ba4 Nge7 5. c3 Ng6 6. d4 exd4 7. Nxd4 b5 8. Nxc6 dxc6 9. Qxd8+ Kxd8 10. Bc2 c5 11. Be3 Bd6 12. Nd2 Re8 13. O-O-O Bb7 14. g3 c4 15. f4 f6 16. Rhe1 Kc8 17. Bf2 Bc6 18. Nf3 Kb7 19. Nd4 Bc5 20. Bg1 Rad8 21. Rd2 Bb6 22. Rde2 Bd7 23. e5 fxe5 24. fxe5 Bg4 25. Re4 Bxd4 26. Bxd4 Bf5 27. R4e2 Bd3 28. Bxd3 cxd3 29. Rd2 Rd5 30. b4 Nxe5 31. Rxe5 Rdxe5 32. Bxe5 Rxe5 33. Rxd3 Re2 34. Rd7 Rxa2 35. h4 g6 36. Rxh7 Rg2 37. h5 Rxg3 38. Kc2 gxh5 39. Rxh5 Rg4 40. Kb3 Rc4 41. Rg5 Kb6 42. Rg8 Rc6 43. Rb8+ Ka7 44. Rh8 Kb7 45. Rg8 Rf6 46. Rh8 Rf7 47. Rg8 c6 48. Rh8 Kb6 49. Rb8+ Kc7 50. Ra8 Kb7 51. Rh8 Rc7 52. Rg8 Rc8 53. Rg7+ Rc7 54. Rg8 Kb6 55. Rb8+ Rb7 56. Ra8 Ra7 57. Rh8 Re7 58. Rb8+ Kc7 59. Ra8 Kb7 60. Rh8 Rc7 61. Rg8 c5 62. bxc5 Rxc5 63. Rg7+ Kb6 64. Rg6+ Rc6 65. Rxc6+ Kxc6 66. c4 bxc4+ 67. Kxc4 1/2-1/2

[Event "BL 2425 SK Kirchweyhe - FC St. Pauli"]
[Site "?"]
[Date "2025.02.23"]
[Round "10.3"]
[White "Nielsen, Peter Heine"]
[Black "Predojevic, Borki"]
[Result "1/2-1/2"]
[WhiteElo "2620"]
[BlackElo "2563"]
[PlyCount "46"]
[EventDate "2025.??.??"]

1. d4 Nf6 2. c4 e6 3. Nf3 Bb4+ 4. Bd2 a5 5. g3 O-O 6. Bg2 d5 7. Qc1 Be7 8. O-O c6 9. Rd1 Nbd7 10. Bf4 a4 11. Qc2 h6 12. a3 Ne4 13. Nc3 Nxc3 14. bxc3 b5 15. c5 g5 16. Be3 f5 17. h4 Rf7 18. hxg5 hxg5 19. Qd2 Rg7 20. Kh2 Rh7+ 21. Kg1 Rg7 22. Kh2 Rh7+ 23. Kg1 Rg7 1/2-1/2

[Event "BL 2425 SK Kirchweyhe - FC St. Pauli"]
[Site "?"]
[Date "2025.02.23"]
[Round "10.4"]
[White "Kadric, Denis"]
[Black "Janik, Igor"]
[Result "0-1"]
[WhiteElo "2552"]
[BlackElo "2521"]
[PlyCount "98"]
[EventDate "2025.??.??"]

1. e4 c6 2. d4 d5 3. e5 Bf5 4. h4 h5 5. Bd3 Bxd3 6. Qxd3 Qa5+ 7. Nd2 e6 8. Ngf3 Nh6 9. c3 Qa6 10. Qxa6 Nxa6 11. b4 b6 12. a4 c5 13. dxc5 bxc5 14. b5 Nb8 15. c4 Nd7 16. O-O Nf5 17. Nb3 dxc4 18. Na5 Nb6 19. Bb2 Be7 20. g3 O-O-O 21. Rfc1 Rd3 22. Ne1 Rd2 23. Bc3 Rd7 24. Nc6 g5 25. Nxe7+ Nxe7 26. Nf3 gxh4 27. Nxh4 Rg8 28. Be1 Rd4 29. Nf3 Rd5 30. a5 Nd7 31. Rxc4 Rg4 32. Rf4 Nf5 33. Rc1 Kb7 34. Bc3 Rxf4 35. gxf4 Nf8 36. Bd2 Nd4 37. Nxd4 cxd4 38. Rc6 Rxb5 39. Rd6 Rd5 40. Rxd5 exd5 41. f5 Kc6 42. Bb4 Nd7 43. f4 d3 44. Kf2 d4 45. Kf3 Kd5 46. a6 Nb8 47. e6 fxe6 48. f6 Nd7 49. f7 e5 0-1

[Event "BL 2425 SK Kirchweyhe - FC St. Pauli"]
[Site "?"]
[Date "2025.02.23"]
[Round "10.5"]
[White "Feuerstack, Aljoscha"]
[Black "Markus, Robert"]
[Result "1/2-1/2"]
[WhiteElo "2458"]
[BlackElo "2595"]
[PlyCount "61"]
[EventDate "2025.??.??"]

1. e4 Nf6 2. e5 Nd5 3. d4 d6 4. Nf3 dxe5 5. Nxe5 c6 6. Be2 Bf5 7. g4 Be6 8. c4 Nb6 9. a4 N8d7 10. a5 Nxe5 11. axb6 Nxc4 12. bxa7 g6 13. Nc3 Bg7 14. d5 Bxd5 15. Nxd5 Qxd5 16. Qxd5 cxd5 17. Bxc4 dxc4 18. Ke2 Kd7 19. Rd1+ Kc6 20. Be3 Be5 21. Ra5 Bd6 22. Rc1 b5 23. Ra6+ Kd5 24. Rb6 b4 25. Rb5+ Kc6 26. Rb6+ Kd5 27. Rb5+ Kc6 28. Ra5 Kb7 29. Rb5+ Kc6 30. Rb6+ Kd5 31. Rb5+ 1/2-1/2

[Event "BL 2425 SK Kirchweyhe - FC St. Pauli"]
[Site "?"]
[Date "2025.02.23"]
[Round "10.6"]
[White "Stevic, Hrvoje"]
[Black "Krause, Benedict"]
[Result "1-0"]
[WhiteElo "2542"]
[BlackElo "2417"]
[PlyCount "137"]
[EventDate "2025.??.??"]

1. e4 c5 2. Nf3 e6 3. c3 d5 4. exd5 Qxd5 5. d4 Nf6 6. Na3 a6 7. Nc4 Nbd7 8. Be2 b5 9. Nfd2 Ra7 10. Bf3 Qf5 11. Ne3 Qf4 12. a4 cxd4 13. cxd4 Qb8 14. axb5 axb5 15. Rxa7 Qxa7 16. Qc2 Qb8 17. Qc6 Bd6 18. h3 O-O 19. O-O Qb6 20. Nb3 Qxc6 21. Bxc6 Ba6 22. Bd2 Rc8 23. Bf3 b4 24. Rc1 Rxc1+ 25. Nxc1 e5 26. Nc2 exd4 27. Nxb4 Bc4 28. b3 Be6 29. Nc6 Ne5 30. Nxd4 Nxf3+ 31. Nxf3 Ne4 32. Be3 Ba3 33. Nd4 Bd5 34. Nce2 Bc5 35. Nf4 Bb7 36. Nd3 Be7 37. Nf5 Bf8 38. f3 Nd6 39. Nxd6 Bxd6 40. Bc5 Ba6 41. Bxd6 Bxd3 42. Kf2 f5 43. g4 fxg4 44. hxg4 Kf7 45. Ke3 Ba6 46. b4 Ke6 47. Bf8 g6 48. f4 Bb5 49. Kf3 Bc4 50. Bh6 Bb5 51. Kg3 Be2 52. Kh4 Kf6 53. Bg5+ Ke6 54. Bd8 h5 55. gxh5 gxh5 56. Kg5 Bd3 57. Kxh5 Kf5 58. Bc7 Bc4 59. Kh6 Bb5 60. Kg7 Bc4 61. Bb8 Bb5 62. Kf7 Ba4 63. Be5 Bb5 64. Ke7 Bc4 65. Kd6 Bf1 66. Kc6 Bg2+ 67. Kb6 Ke6 68. b5 Bf1 69. Kc6 1-0

[Event "BL 2425 SK Kirchweyhe - FC St. Pauli"]
[Site "?"]
[Date "2025.02.23"]
[Round "10.7"]
[White "Socko, Monika"]
[Black "Jovanovic, Zoran"]
[Result "1/2-1/2"]
[WhiteElo "2367"]
[BlackElo "2511"]
[PlyCount "74"]
[EventDate "2025.??.??"]

1. d4 d6 2. Nf3 g6 3. c4 Bg7 4. Nc3 Nf6 5. e4 O-O 6. Be2 e5 7. O-O Na6 8. Be3 Qe7 9. d5 Ng4 10. Bg5 f6 11. Bc1 Nh6 12. Rb1 f5 13. b4 f4 14. Ne1 g5 15. f3 Nf7 16. Nd3 h5 17. c5 Nb8 18. Ba3 Nd7 19. Rc1 Nf6 20. Nf2 Nh6 21. h3 Ne8 22. Nb5 Rf7 23. Rc2 Qd8 24. Bb2 Bf8 25. a4 Rg7 26. a5 Nf6 27. cxd6 Bxd6 28. Qa1 Nf7 29. Rfc1 Ne8 30. Na3 Bd7 31. Nc4 Qe7 32. b5 Nf6 33. Nxd6 cxd6 34. Rc7 Nd8 35. Qa3 Ne8 36. R7c2 Nf7 37. Qb4 Nh6 1/2-1/2

[Event "BL 2425 SK Kirchweyhe - FC St. Pauli"]
[Site "?"]
[Date "2025.02.23"]
[Round "10.8"]
[White "Kovacevic, Aleksandar"]
[Black "Krause, Jonah"]
[Result "1-0"]
[WhiteElo "2447"]
[BlackElo "2368"]
[PlyCount "85"]
[EventDate "2025.??.??"]

1. e4 c5 2. Nf3 e6 3. d4 cxd4 4. Nxd4 Nc6 5. Nc3 Qc7 6. Qd3 Nf6 7. Ndb5 Qb8 8. Qg3 d6 9. Be3 a6 10. Nd4 h5 11. f3 Bd7 12. O-O-O b5 13. Nxc6 Bxc6 14. Bd3 b4 15. Ne2 a5 16. Kb1 a4 17. c4 bxc3 18. Nxc3 Be7 19. Rc1 h4 20. Qf2 Qb7 21. Rc2 O-O 22. Rhc1 Rfc8 23. Bg5 Ng4 24. Qxh4 Bxg5 25. Qxg5 Ne5 26. Be2 Rab8 27. Qd2 Be8 28. Qxd6 Nc4 29. Bxc4 Rxc4 30. Nd1 Rb4 31. a3 Rb6 32. Qd4 Qa6 33. Rd2 Rb3 34. Ka1 Qa5 35. Nc3 e5 36. Qd6 f6 37. Nd5 Bf7 38. Ne7+ Kh7 39. Qd7 Be6 40. Qxe6 Qxd2 41. Qf5+ Kh8 42. Rc8+ Rxc8 43. Qxc8+ 1-0

[Event "BL 2425 SV Mülheim Nord - SV Werder Bre"]
[Site "?"]
[Date "2025.02.23"]
[Round "10.1"]
[White "Ivic, Velimir"]
[Black "Fridman, Daniel"]
[Result "1-0"]
[WhiteElo "2622"]
[BlackElo "2577"]
[PlyCount "115"]
[EventDate "2025.??.??"]

1. e4 e6 2. d4 d5 3. Nc3 Nf6 4. e5 Nfd7 5. f4 c5 6. Nf3 Nc6 7. Be3 cxd4 8. Nxd4 Qb6 9. Qd2 Qxb2 10. Rb1 Qa3 11. Bb5 Nxd4 12. Bxd4 a6 13. Bxd7+ Bxd7 14. Rxb7 Qa5 15. O-O Bc5 16. Kh1 Bc6 17. Rbb1 O-O 18. f5 exf5 19. Rxf5 Bd7 20. Rg5 Be6 21. Bxc5 Qxc5 22. Ne2 Qf2 23. Rg3 Rab8 24. Rg1 Qf5 25. Nd4 Qe4 26. Qg5 g6 27. Qd2 Rb2 28. Re1 Qh4 29. Qf2 Qh6 30. Rf3 Rfb8 31. Rb3 Bd7 32. h3 Qf8 33. Qf4 Rb6 34. Rf1 Qe7 35. Kh2 R2xb3 36. axb3 a5 37. Rf3 a4 38. bxa4 Bxa4 39. Rc3 Bd7 40. Rc7 Qd8 41. Ra7 Be8 42. h4 h5 43. Kg3 Qb8 44. Ra5 Qd8 45. Ra3 Rb4 46. c3 Rc4 47. Kh2 Bd7 48. Qf6 Qc8 49. e6 Be8 50. Ra1 Rxc3 51. Rf1 Qc7+ 52. Rf4 Rc4 53. g3 Rc1 54. Rf2 Rb1 55. Rc2 Qb8 56. Nc6 Bxc6 57. exf7+ Kf8 58. Rf2 1-0

[Event "BL 2425 SV Mülheim Nord - SV Werder Bre"]
[Site "?"]
[Date "2025.02.23"]
[Round "10.2"]
[White "Vrolijk, Liam"]
[Black "McShane, Luke J"]
[Result "1/2-1/2"]
[WhiteElo "2509"]
[BlackElo "2611"]
[PlyCount "63"]
[EventDate "2025.??.??"]

1. d4 Nf6 2. c4 e6 3. Nf3 Bb4+ 4. Nbd2 b6 5. a3 Bxd2+ 6. Nxd2 Bb7 7. e3 O-O 8. b3 d5 9. cxd5 Qxd5 10. Qf3 Qxf3 11. gxf3 Ba6 12. Nc4 Nbd7 13. Bb2 Rfd8 14. Rg1 Ne8 15. Rd1 f6 16. f4 c5 17. Bh3 Kf7 18. f5 exf5 19. Bxf5 cxd4 20. Rxd4 Nf8 21. Rgg4 Rxd4 22. Rxd4 Bc8 23. Rd8 Bb7 24. Nd6+ Nxd6 25. Rxd6 Re8 26. a4 Be4 27. Bg4 Bc2 28. a5 Bxb3 29. axb6 axb6 30. Bh5+ Ng6 31. Rxb6 Be6 32. Bd4 1/2-1/2

[Event "BL 2425 SV Mülheim Nord - SV Werder Bre"]
[Site "?"]
[Date "2025.02.23"]
[Round "10.3"]
[White "Fressinet, Laurent"]
[Black "Buckels, Valentin"]
[Result "1-0"]
[WhiteElo "2588"]
[BlackElo "2443"]
[PlyCount "75"]
[EventDate "2025.??.??"]

1. e4 e5 2. Bc4 Nf6 3. d3 Bc5 4. Nf3 d6 5. c3 Bb6 6. O-O O-O 7. Nbd2 c5 8. Re1 Nc6 9. Nf1 h6 10. Ng3 Bc7 11. a4 d5 12. exd5 Nxd5 13. Ne4 Nb6 14. Ba2 c4 15. dxc4 Qxd1 16. Rxd1 Bf5 17. Nc5 Rad8 18. Be3 Rxd1+ 19. Rxd1 Rd8 20. Rxd8+ Nxd8 21. a5 Nc8 22. b4 f6 23. Nd2 Kf8 24. f3 h5 25. Nde4 Ke7 26. Bb3 Nd6 27. Nxd6 Bxd6 28. a6 b6 29. Ne4 Bb8 30. c5 b5 31. c4 Be6 32. Nd2 Bd7 33. cxb5 Bxb5 34. Bc4 Bxc4 35. Nxc4 Ke6 36. b5 Kd5 37. Nb6+ Ke6 38. Nc8 1-0

[Event "BL 2425 SV Mülheim Nord - SV Werder Bre"]
[Site "?"]
[Date "2025.02.23"]
[Round "10.4"]
[White "Zelbel, Patrick"]
[Black "Efimenko, Zahar"]
[Result "1/2-1/2"]
[WhiteElo "2482"]
[BlackElo "2565"]
[PlyCount "47"]
[EventDate "2025.??.??"]

1. e4 e5 2. Nf3 Nc6 3. d4 exd4 4. Nxd4 Bc5 5. Nb3 Bb4+ 6. c3 Be7 7. f4 d6 8. Bd3 Nh6 9. O-O d5 10. N1d2 dxe4 11. Nxe4 O-O 12. h3 a5 13. a4 Nf5 14. Qf3 Re8 15. Rd1 Be6 16. Nbc5 Bd5 17. Nxb7 Qb8 18. Nf6+ Bxf6 19. Qxd5 Nce7 20. Qf3 Qa7+ 21. Kh2 Nh4 22. Qe4 Neg6 23. Qd5 Ne7 24. Qe4 1/2-1/2

[Event "BL 2425 SV Mülheim Nord - SV Werder Bre"]
[Site "?"]
[Date "2025.02.23"]
[Round "10.5"]
[White "Van Foreest, Lucas"]
[Black "Feygin, Michael"]
[Result "1/2-1/2"]
[WhiteElo "2530"]
[BlackElo "2452"]
[PlyCount "77"]
[EventDate "2025.??.??"]

1. c4 e6 2. Nc3 Nf6 3. Nf3 Bb4 4. Qc2 O-O 5. a3 Bxc3 6. Qxc3 d6 7. b4 a5 8. Bb2 axb4 9. axb4 Rxa1+ 10. Bxa1 e5 11. e3 Nbd7 12. d3 b6 13. Be2 Bb7 14. O-O Re8 15. Bb2 Qe7 16. Ra1 Ra8 17. Rxa8+ Bxa8 18. d4 Bxf3 19. Bxf3 exd4 20. Qxd4 Ne5 21. Be2 c5 22. Qc3 Qa7 23. f4 Ned7 24. b5 Qa2 25. g4 h6 26. h4 Nf8 27. g5 hxg5 28. hxg5 Ne8 29. Bf3 Qb1+ 30. Kf2 Ng6 31. Qd2 Ne7 32. Bc3 Qh7 33. Kg1 Qb1+ 34. Kf2 Qh7 35. Kg2 Nf5 36. Bg4 Nh4+ 37. Kg3 Nf5+ 38. Kg2 Nh4+ 39. Kg3 1/2-1/2

[Event "BL 2425 SV Mülheim Nord - SV Werder Bre"]
[Site "?"]
[Date "2025.02.23"]
[Round "10.6"]
[White "Hausrath, Daniel"]
[Black "Wachinger, Nikolas"]
[Result "1/2-1/2"]
[WhiteElo "2450"]
[BlackElo "2451"]
[PlyCount "51"]
[EventDate "2025.??.??"]

1. Nf3 d5 2. g3 c5 3. Bg2 Nf6 4. O-O e6 5. d4 cxd4 6. Nxd4 e5 7. Nf3 Nc6 8. c4 d4 9. e3 Be7 10. exd4 exd4 11. Bf4 O-O 12. Ne5 Qb6 13. Qb3 Be6 14. Qxb6 axb6 15. Bxc6 bxc6 16. Nxc6 Bc5 17. b4 Rfc8 18. bxc5 Rxc6 19. cxb6 Rxb6 20. Nd2 h6 21. Be5 Rb2 22. Rfd1 Raxa2 23. Rxa2 Rxa2 24. Bxd4 Rc2 25. Bxf6 gxf6 26. f3 1/2-1/2

[Event "BL 2425 SV Mülheim Nord - SV Werder Bre"]
[Site "?"]
[Date "2025.02.23"]
[Round "10.7"]
[White "Reuker, Jari"]
[Black "Dinstuhl, Volkmar"]
[Result "1-0"]
[WhiteElo "2417"]
[BlackElo "2381"]
[PlyCount "75"]
[EventDate "2025.??.??"]

1. e4 e6 2. d4 d5 3. Nc3 Bb4 4. e5 b6 5. a3 Bf8 6. Nce2 Ba6 7. Nf3 Ne7 8. c3 c5 9. h4 Qd7 10. h5 h6 11. g3 Nbc6 12. b4 cxd4 13. cxd4 Bc4 14. Nc3 Bxf1 15. Kxf1 Nc8 16. Kg2 Be7 17. Be3 f5 18. Rc1 Nd8 19. Ne1 O-O 20. Nd3 a5 21. Qb3 axb4 22. axb4 Na7 23. Ra1 Nb7 24. Rhc1 Nb5 25. Rxa8 Rxa8 26. Nxb5 Qxb5 27. Rc7 Na5 28. Qc2 Bxb4 29. Nf4 Re8 30. g4 Be7 31. gxf5 Bd8 32. Rc8 Nc4 33. fxe6 Bg5 34. Rc7 Bxf4 35. Bxf4 Rxe6 36. Qf5 Qe8 37. Bxh6 Re7 38. Rc8 1-0

[Event "BL 2425 SV Mülheim Nord - SV Werder Bre"]
[Site "?"]
[Date "2025.02.23"]
[Round "10.8"]
[White "Albers, Sasa"]
[Black "Schulze, Lara"]
[Result "1/2-1/2"]
[WhiteElo "2274"]
[BlackElo "2266"]
[PlyCount "175"]
[EventDate "2025.??.??"]

1. e4 e5 2. Nf3 Nc6 3. Bb5 a6 4. Ba4 Nf6 5. O-O Nxe4 6. d4 Be7 7. Re1 b5 8. Rxe4 d5 9. Nxe5 Nxe5 10. Rxe5 bxa4 11. Nc3 O-O 12. Bf4 a3 13. b3 Bd6 14. Rxd5 Be6 15. Rxd6 cxd6 16. Ne4 d5 17. Nc5 Bf5 18. c3 Qa5 19. Qf3 Rfe8 20. Nb7 Qb6 21. Nd6 Be4 22. Qh5 g6 23. Qg5 Re6 24. Nxe4 dxe4 25. d5 f6 26. Qg3 Re7 27. Rd1 Rd7 28. c4 a5 29. Qc3 Rc8 30. h3 Kf7 31. Be3 Qd8 32. Qd4 f5 33. c5 Qf6 34. Qc4 f4 35. Bd4 Qf5 36. Bc3 h5 37. Qd4 Rdc7 38. d6 Rd7 39. Re1 Rxc5 40. Rxe4 Rxc3 41. Rxf4 Rc1+ 42. Kh2 Rc5 43. g4 hxg4 44. hxg4 Qxf4+ 45. Qxf4+ Ke6 46. Qe4+ Kxd6 47. Qxg6+ Kc7 48. Kg3 Rd2 49. Qg7+ Kc6 50. Qh6+ Rd6 51. Qf4 Rd3+ 52. Kh4 Kb6 53. Qa4 Rf3 54. Qxa3 Rxf2 55. b4 axb4 56. Qxb4+ Kc6 57. Qe4+ Rd5 58. Qe6+ Rd6 59. Qc8+ Kd5 60. Qa8+ Ke5 61. Qe8+ Kd5 62. Qb5+ Ke6 63. Qb3+ Kf6 64. g5+ Kg7 65. Qb7+ Kg6 66. Qe4+ Kf7 67. Qh7+ Kf8 68. Qh8+ Kf7 69. Qh5+ Kg7 70. Qe8 Rdd2 71. Qe7+ Kg8 72. Kh5 Rxa2 73. Qe8+ Kg7 74. Qe7+ Kg8 75. Qd8+ Kg7 76. Qc7+ Kg8 77. Qb8+ Kg7 78. Qb7+ Rf7 79. Qe4 Rh2+ 80. Kg4 Rhf2 81. Qe5+ Kg6 82. Qd6+ Kg7 83. Kh5 R2f5 84. Qe6 Kh7 85. Qg6+ Kh8 86. Kh6 Rxg5 87. Qxf7 Rg6+ 88. Kxg6 1/2-1/2